| 000 | 01122nam a2200301 4500 | ||
|---|---|---|---|
| 001 | 0000022379 | ||
| 003 | CO-CtgCURN | ||
| 005 | 20250429224037.0 | ||
| 007 | ta | ||
| 008 | 160627s2003 000 0 eng d | ||
| 020 | _a9682429854 | ||
| 040 |
_aCO-CtgCURN _bspa _ccoctgcurn |
||
| 082 | 0 |
_a370.118 _bL864p |
|
| 100 | 1 | _aLópez Calva, Martin. | |
| 245 | 1 | 0 |
_aPensamiento critico y creatividad en el aula / _cMartin López Calva. |
| 260 |
_aMexico : _bTrillas, _c2003. |
||
| 300 | _a77 p. | ||
| 336 | _2rdacontent | ||
| 337 |
_2rdamedia _asin mediacion _bn |
||
| 338 |
_2rdacarrier _avolumen _bnc |
||
| 500 | _aIncluye indice. | ||
| 504 | _aBibliografia(p. 73-74) | ||
| 505 | 8 | _aEducar es enseñar a pensar y a tomar deciciones.--Mundo de objetos cognoscibles y patrones de experiencia.--Pensamiento creativo.--Pensamiento critico.--Como desarrollar el pensamiento critico.--Pensamiento critico y creativo, y docencia | |
| 650 | 1 | 4 | _aPensamiento creativo (Educación) |
| 908 | _a160627 | ||
| 942 |
_cBK _h370.118 _iL864p _2ddc |
||
| 999 |
_c36593 _d36593 |
||